Statistics for 78th Golden Globes Winners - Multiple Choice

Click here to take the quiz!

General Stats

  • This quiz has been taken 36 times
  • The average score is 14 of 27

Answer Stats

QuestionAnswer% Correct
Motion Picture - DramaNomadland
85%
Television Limited Series or Motion Picture Made for TelevisionThe Queen's Gambit
82%
Director - Motion PictureChloé Zhao – Nomadland
76%
Television Series - DramaThe Crown
73%
Actress in a Television Series - Musical or ComedyCatherine O'Hara – Schitt's Creek
70%
Actress in a Motion Picture - Musical or ComedyRosamund Pike – I Care a Lot
70%
Actress in a Limited Series or a Motion Picture Made for TelevisionAnya Taylor-Joy – The Queen's Gambit
67%
Motion Picture - AnimatedSoul
67%
Actor in a Motion Picture - DramaChadwick Boseman – Ma Rainey's Black Bottom
61%
Actor in a Supporting Role in any Motion PictureDaniel Kaluuya – Judas and the Black Messiah
58%
Actor In A Television Series - DramaJosh O'Connor – The Crown
58%
Actor in a Motion Picture - Musical or ComedySacha Baron Cohen – Borat Subsequent Moviefilm
58%
Actress in a Supporting Role in a Series, Limited Series or Motion Picture Made for TelevisionGillian Anderson – The Crown
55%
Actor in a Television Series - Musical or ComedyJason Sudeikis – Ted Lasso
55%
Motion Picture - Musical or ComedyBorat Subsequent Moviefilm
48%
Cecil B. deMille Award (outstanding contributions to the world of entertainment)Jane Fonda
48%
Actor in a Limited Series or a Motion Picture Made for TelevisionMark Ruffalo – I Know This Much Is True
48%
Actress In A Television Series - DramaEmma Corrin – The Crown
42%
Actress in a Supporting Role in any Motion PictureJodie Foster – The Mauritanian
42%
Carol Burnett Award (outstanding contributions to television on or off the screen)Norman Lear
42%
Television Series - Musical or ComedySchitt's Creek
42%
Original Score - Motion PictureJon Batiste, Trent Reznor, and Atticus Ross – Soul
39%
Original Song - Motion PictureIo sì (Seen) – The Life Ahead
27%
Screenplay - Motion PictureAaron Sorkin – The Trial of the Chicago 7
24%
Actress in a Motion Picture - DramaAndra Day – The United States vs. Billie Holiday
24%
Actor in a Supporting Role in a Series, Limited Series or Motion Picture Made for TelevisionJohn Boyega – Small Axe
24%
Motion Picture - Foreign LanguageMinari (USA)
24%

Score Distribution

Percentile by Number Answered

Percent of People with Each Score

Your Score History

You have not taken this quiz